02153cam a2200349 a 45000010009000000050017000090070003000260080039000290100017000680200015000850200018001000820020001182450076001382460034002142500012002482600058002603000047003184900039003655040051004045050769004556500033012246500033012576530023012906550024013137000030013378560091013678560092014588560106015509420012016569990017016689520118016851346046320131111105555.0ta040116s2003 enka rb 001 0 eng a 2004270035 a0198509286 a978019850928804a617.67222bPIC00aPickard's manual of operative dentistry /cEdwina A.M. Kidd...[et al.].30aManual of operative dentistry a8th ed. aOxford ;aNew York :bOxford University Press,c2003. axiii, 209 p. :bill. (some col.) ;c28 cm. 921270aOxford Medical Publications aIncludes bibliographical references and index. aPART I - DISEASES, DISORDERS, DIAGNOSES, DECISIONS, AND DESIGN; 1. Why restore teeth?; 2. Making clinical decisions; 3. Principles of cavity design and preparation; PART II - TREATMENT TECHNIQUES; 4. The operator and the environment; 5. Instruments and handpieces; 6. Bonding to tooth structure; 7. Treatment of pit and fissure caries; 8. Treatment of approximal caries in posterior teeth; 9. Treatment of smooth surface caries, erosion - abrasion lesions, and enamel hypolasia; 10. Treatment of approximal caries, trauma, developmental disorders and discoloration in anterior teeth; 11. Indirect cast metal, porcelain and composite intracoronal restorations; PART III - MONITORING AND MAINTENANCE; 12. The long-term management of patients with restored dentitions 0aDentistry, Operative.934408 2aDentistry, Operative.934409 bDentcNovember2013 vreading book9342321 aKidd, Edwina A. M.932424423Publisher descriptionuhttp://www.loc.gov/catdir/enhancements/fy0620/2004270035-d.html413Table of contents onlyuhttp://www.loc.gov/catdir/enhancements/fy0620/2004270035-t.html423Contributor biographical informationuhttp://www.loc.gov/catdir/enhancements/fy0725/2004270035-b.html 2ddccDN c17743d17715 00102ddc40708BaccahaMAINbMAINc1STd2013-11-11epurchasel0o617.67 PICp000029610r2025-07-15 00:00:00yBB